| 000 | 01008nam a22002175i 4500 | ||
|---|---|---|---|
| 001 | 156121 | ||
| 003 | ES-MaACL | ||
| 005 | 20230906210327.0 | ||
| 008 | 041015q18901910sp a |||| | spa d | ||
| 040 |
_aCAM _bspa _cCAM |
||
| 245 | 0 | 0 | _aItinerarios de Madrid á Bilbao, de Miranda á Logroño, de Bilbao á Durango y viceversa. |
| 260 |
_aMadrid : _bAdministracion, Rollo,2, tercero : _bLibreria de D. Guío ; _aParis : _bLibrairie Etrangere ; _aLisboa : _bLibreria francesa, _c[s.a.] |
||
| 300 |
_aXVI, [2], 55 p., [1] h. pleg. : _bil. ; _c16 cm. |
||
| 490 | 1 | _aGuias ilustradas del viajero | |
| 505 | 8 | _aLas pag. 49-55 son anuncios de fondas y casas de huéspedes | |
| 596 | _aProbablemente impreso a finales del siglo XIX o comienzos del XX. | ||
| 650 | 4 |
_aFerrocarriles- _xItinerarios- _zEspaña. _9136100 |
|
| 830 | 0 |
_aGuias ilustradas del viajero _9188051 |
|
| 852 |
_aES-MaACL _jT-402-F-8 _z-- Enc. hol. _z-- Enc. en un vol. facticio _z-- Enc. con [8] p. de anuncios |
||
| 999 |
_c156121 _d156121 |
||